Community Oral Health (Record no. 2061)

MARC details
000 -LEADER
fixed length control field 00845cam a2200301 a 4500
001 - CONTROL NUMBER
control field 3547628
003 - CONTROL NUMBER IDENTIFIER
control field OSt
005 - DATE AND TIME OF LATEST TRANSACTION
control field 20180316181643.0
008 - FIXED-LENGTH DATA ELEMENTS--GENERAL INFORMATION
fixed length control field 961219s1997 enka b 001 0 eng d
010 ## - LIBRARY OF CONGRESS CONTROL NUMBER
LC control number 97108396
015 ## - NATIONAL BIBLIOGRAPHY NUMBER
National bibliography number GB96-88599
020 ## - INTERNATIONAL STANDARD BOOK NUMBER
International Standard Book Number 0723610959
035 ## - SYSTEM CONTROL NUMBER
System control number (OCoLC)36113685
040 ## - CATALOGING SOURCE
Original cataloging agency ICADA
Transcribing agency ICADA
Modifying agency Uk
-- DLC
042 ## - AUTHENTICATION CODE
Authentication code lccopycat
050 04 - LIBRARY OF CONGRESS CALL NUMBER
Classification number RK52
Item number .C6652 1997
082 00 - DEWEY DECIMAL CLASSIFICATION NUMBER
Classification number WU 113 P65C1997
Edition number 21
100 ## - MAIN ENTRY--PERSONAL NAME
Personal name edited by Cynthia M. Pine.
9 (RLIN) 12534
245 00 - TITLE STATEMENT
Title Community Oral Health
260 ## - PUBLICATION, DISTRIBUTION, ETC. (IMPRINT)
Place of publication, distribution, etc. Oxford ;
Name of publisher, distributor, etc. Wright,
Date of publication, distribution, etc. c1997.
300 ## - PHYSICAL DESCRIPTION
Extent xvi, 314 p. :
Other physical details ill. ;
Dimensions 25 cm.
504 ## - BIBLIOGRAPHY, ETC. NOTE
Bibliography, etc Includes bibliographical references and index.
650 #0 - SUBJECT ADDED ENTRY--TOPICAL TERM
Topical term or geographic name as entry element Oral health
9 (RLIN) 5346
650 #0 - SUBJECT ADDED ENTRY--TOPICAL TERM
Topical term or geographic name as entry element Community dental services.
9 (RLIN) 5347
906 ## - LOCAL DATA ELEMENT F, LDF (RLIN)
a 7
b cbc
c copycat
d 2
e ncip
f 19
g y-gencatlg
942 ## - ADDED ENTRY ELEMENTS (KOHA)
Source of classification or shelving scheme Other/Generic Classification Scheme
Koha item type Short Loan
Holdings
Withdrawn status Lost status Source of classification or shelving scheme Damaged status Not for loan Home library Current library Date acquired Source of acquisition Inventory number Total Checkouts Full call number Barcode Date last seen Price effective from Koha item type
    Other/Generic Classification Scheme     MUST Main Library MUST Main Library 15/06/2015   2001/15572   WU 113 P65C1997 2015-1899 15/06/2015 15/06/2015 Short Loan